Statistiques concernant Fédérations continentales de football

Cliquez ici pour prendre le quiz!

Statistiques générales

  • Ce quiz a été pris 1 082 fois
  • Le résultat moyen est 3 sur 6

Statistiques - réponses

ContinentPays et équipes indépendantes membresFédération% Correct
Europe54UEFA
95%
Afrique54CAF
66%
Amérique du Nord35CONCACAF
56%
Amérique du Sud10CONMEBOL
35%
Asie46AFC
29%
Océanie11OFC
20%

Distribution des résultats

Percentile par nombre de réponses

% des personnes avec chaque résultat

Votre développement - résultats

Vous n’avez pas pris ce quiz